000 00451nam a2200145Ia 4500
003 GCL
008 140319s9999 xx 000 0 ara d
040 _aGCL /
_cGCL
082 0 4 _a347.05
_bان
100 1 _aاحمد ابوالوفا
245 1 0 _aنظرية الاحكام فى قانون المرافعات /
_cاحمد ابوالوفا
260 _a[S.N] :
_bمنشاة المعارف الاسلامية ،
_c1989
300 _a919 ص
490 _a
999 _c35377
_d35377